[Event "Framingham CC-ch"]
[Site "Framingham"]
[Date "1987.04.28"]
[Round "3"]
[White "Beltran, Alejandro"]
[Black "Young, Jack"]
[Result "0-1"]
[WhiteElo "1703"]
[BlackElo "2124"]
[PlyCount "52"]
[EventDate "1987.04.14"]
[EventType "swiss"]
[EventRounds "6"]
[EventCountry "USA"]
[SourceTitle "EXT 2023"]
[Source "ChessBase"]
[SourceDate "2022.10.05"]
[SourceVersion "1"]
[SourceVersionDate "2022.10.05"]
[SourceQuality "1"]

1. e4 Nc6 2. d4 d5 3. exd5 Qxd5 4. c3 e5 5. dxe5 Qxd1+ 6. Kxd1 Bg4+ 7. Be2 0-0-0+ 8. Ke1 Nxe5 9. Bxg4+ Nxg4 10. f3 Ne5 11. Nh3 Bc5 12. Nd2 Nf6 13. Nb3 Nd3+ 14. Kf1 Rhe8 15. Bg5 Bb6 16. c4 Be3 17. Bxe3 Rxe3 18. Nf2 Nxb2 19. c5 Nc4 20. Nd1 Re6 21. Nc3 Rde8 22. Kf2 Nb2 23. Rab1 Nd3+ 24. Kg3 Nh5+ 25. Kh4 Rh6 26. g4 Nhf4+ 0-1

[Event "Framingham CC-ch"]
[Site "Framingham"]
[Date "1987.04.14"]
[Round "1"]
[White "McClanahan, Paul"]
[Black "Young, Jack"]
[Result "0-1"]
[WhiteElo "1748"]
[BlackElo "2124"]
[PlyCount "60"]
[EventDate "1987.04.14"]
[EventType "swiss"]
[EventRounds "6"]
[EventCountry "USA"]
[SourceTitle "EXT 2023"]
[Source "ChessBase"]
[SourceDate "2022.10.05"]
[SourceVersion "1"]
[SourceVersionDate "2022.10.05"]
[SourceQuality "1"]

1. c4 e5 2. Nc3 Nc6 3. Nf3 f5 4. d4 e4 5. Bg5 Nf6 6. Nd2 Be7 7. e3 0-0 8. Be2 Qe8 9. 0-0 Qg6 10. Bxf6 Bxf6 11. Nd5 Bd8 12. f3 exf3 13. Rxf3 d6 14. Nf4 Qe8 15. Rg3 Bh4 16. Bh5 Qd8 17. Rh3 Bf6 18. Qf3 Ne7 19. Nd5 c6 20. Nxf6+ Rxf6 21. Qf4 Be6 22. Rg3 d5 23. c5 Bf7 24. Qg5 Bg6 25. Bxg6 Rxg6 26. Qf4 Rxg3 27. Qxg3 Ng6 28. b4 Qf6 29. Rf1 f4 30. Kh1 fxg3 0-1